[Event "Timbo op 2nd"]
[Site "Timbo"]
[Date "2022.02.19"]
[Round "5"]
[White "Leao, Cintia Rocha"]
[Black "Neitzel, Jonatan"]
[Result "1/2-1/2"]
[WhiteElo "1926"]
[BlackElo "1592"]
[PlyCount "55"]
[EventDate "2022.02.17"]
[EventType "swiss"]
[EventRounds "7"]
[EventCountry "BRA"]
[SourceTitle "EXT 2023"]
[Source "ChessBase"]
[SourceDate "2022.10.05"]
[SourceVersion "1"]
[SourceVersionDate "2022.10.05"]
[SourceQuality "1"]

1. e4 e5 2. Nf3 Nc6 3. Bc4 Bc5 4. d3 Nf6 5. c3 0-0 6. 0-0 h6 7. Re1 d6 8. Nbd2 a5 9. Bb3 Ng4 10. Re2 b5 11. Bd5 Ra6 12. a4 b4 13. Nb3 bxc3 14. bxc3 Ba7 15. h3 Nf6 16. Bc4 Rb6 17. Be3 Rb7 18. Bb5 Bxe3 19. Rxe3 Na7 20. Nxa5 Rb8 21. Nc6 Nxc6 22. Bxc6 Be6 23. a5 Bd7 24. Bxd7 Nxd7 25. Re2 c5 26. Rea2 Ra8 27. Qb3 Qc7 28. Nd2 1/2-1/2

[Event "Sao Bento do Sul op 07"]
[Site "Sao Bento do Sul"]
[Date "2019.07.14"]
[Round "7"]
[White "Ribeiro Carrico, Victor Hugo"]
[Black "Neitzel, Jonatan"]
[Result "1-0"]
[WhiteElo "1738"]
[BlackElo "1630"]
[PlyCount "41"]
[EventDate "2019.07.12"]
[EventType "swiss"]
[EventRounds "7"]
[EventCountry "BRA"]
[SourceTitle "CBM 195 Extra"]
[Source "ChessBase"]
[SourceDate "2020.05.31"]
[SourceVersion "1"]
[SourceVersionDate "2020.05.31"]
[SourceQuality "1"]

1. e4 e5 2. Nf3 Nc6 3. Bc4 Bc5 4. c3 Nf6 5. d4 exd4 6. cxd4 Bb4+ 7. Bd2 Bxd2+ 8. Nbxd2 0-0 9. e5 Ng4 10. h3 Nh6 11. 0-0 d6 12. Qc2 Bf5 13. Qc3 Qd7 14. Rac1 Rac8 15. Bb5 dxe5 16. Bxc6 bxc6 17. Nxe5 Qe6 18. Nxc6 Rfe8 19. a3 a6 20. Nf3 Bxh3 21. Ng5 1-0

[Event "Sao Bento do Sul op 07"]
[Site "Sao Bento do Sul"]
[Date "2019.07.13"]
[Round "3"]
[White "Calcada, Henrique Galvan"]
[Black "Neitzel, Jonatan"]
[Result "1/2-1/2"]
[WhiteElo "1341"]
[BlackElo "1630"]
[PlyCount "104"]
[EventDate "2019.07.12"]
[EventType "swiss"]
[EventRounds "7"]
[EventCountry "BRA"]
[SourceTitle "CBM 195 Extra"]
[Source "ChessBase"]
[SourceDate "2020.05.31"]
[SourceVersion "1"]
[SourceVersionDate "2020.05.31"]
[SourceQuality "1"]

1. Nf3 Nf6 2. g3 d5 3. Bg2 g6 4. 0-0 Bg7 5. d4 0-0 6. c4 dxc4 7. Na3 c3 8. bxc3 c6 9. Re1 Qa5 10. Qb3 Ne4 11. Bb2 Qc7 12. Qc2 f5 13. Nd2 Nxd2 14. Qxd2 e5 15. e3 Nd7 16. Rac1 Rd8 17. Qc2 Nf6 18. Nc4 e4 19. Rb1 Be6 20. Bf1 Ne8 21. Ba3 Qf7 22. Na5 Rab8 23. Nb3 b6 24. Rb2 Nd6 25. Nd2 Rbc8 26. Ba6 Rc7 27. c4 Bc8 28. Bxc8 Rcxc8 29. Rb3 Nb7 30. c5 b5 31. Bb4 a5 32. Bc3 Rd7 33. Ra1 Rcd8 34. a4 b4 35. Bb2 Bf8 36. Nc4 Qe6 37. Nb6 Rf7 38. Qc4 Qxc4 39. Nxc4 Bg7 40. Rc1 h5 41. h4 Kh7 42. Kg2 Bf6 43. Rh1 Rg8 44. Ba1 Bd8 45. Ne5 Rc7 46. Rbb1 Bf6 47. Nc4 Bd8 48. Rbc1 Re7 49. Nd6 Rd7 50. Nc4 Bc7 51. Nb2 Nd8 52. Nc4 Ne6 1/2-1/2

[Event "Florianopolis op 5th"]
[Site "Florianopolis"]
[Date "2019.01.27"]
[Round "10"]
[White "Henriquetta, Rafael Stolf"]
[Black "Neitzel, Jonatan"]
[Result "1-0"]
[WhiteElo "1450"]
[BlackElo "1639"]
[PlyCount "80"]
[EventDate "2019.01.21"]
[EventType "swiss"]
[EventRounds "10"]
[EventCountry "BRA"]
[SourceTitle "EXT 2020"]
[Source "ChessBase"]
[SourceDate "2019.10.17"]
[SourceVersion "1"]
[SourceVersionDate "2019.10.17"]
[SourceQuality "1"]

1. e4 e5 2. Nf3 Nc6 3. Bb5 Nge7 4. c3 g6 5. d4 exd4 6. cxd4 d5 7. e5 Bg7 8. 0-0 0-0 9. h3 a6 10. Ba4 b5 11. Bc2 Bf5 12. Be3 Qd7 13. Nbd2 Bxc2 14. Qxc2 a5 15. Rac1 a4 16. Bg5 Rac8 17. Rfe1 Nd8 18. Nf1 Ne6 19. Bxe7 Qxe7 20. Ne3 c6 21. Qd3 Rc7 22. Rc2 Re8 23. Rec1 Bh6 24. g3 Qd7 25. Nh2 Bg7 26. f4 f5 27. Nf3 c5 28. dxc5 d4 29. Rd1 Bf8 30. Rcd2 Bxc5 31. Nc2 Qc6 32. Kh2 Rd7 33. b3 b4 34. bxa4 Ra8 35. Qb3 Rxa4 36. Ng5 Re7 37. Nxe6 Rxe6 38. Nxd4 Bxd4 39. Rxd4 Ra3 40. Qxb4 Qf3 1-0

[Event "Sao Bento do Sul op 08"]
[Site "Sao Bento do Sul"]
[Date "2018.08.25"]
[Round "3"]
[White "Liebl, Livia"]
[Black "Neitzel, Jonatan"]
[Result "0-1"]
[WhiteElo "1514"]
[BlackElo "1638"]
[PlyCount "66"]
[EventDate "2018.08.24"]
[EventType "swiss"]
[EventRounds "6"]
[EventCountry "BRA"]
[SourceTitle "EXT 2021"]
[Source "ChessBase"]
[SourceDate "2020.10.23"]
[SourceVersion "1"]
[SourceVersionDate "2020.10.23"]
[SourceQuality "1"]

1. d4 Nf6 2. e3 e6 3. f4 b6 4. Nf3 Be7 5. c3 Bb7 6. Bd3 d6 7. 0-0 Nbd7 8. Nbd2 0-0 9. e4 c5 10. e5 Ne8 11. Ne4 d5 12. Neg5 g6 13. Qe1 h6 14. Qh4 Kg7 15. Nxe6+ fxe6 16. Qg4 Rf5 17. Bxf5 exf5 18. Qh3 Nc7 19. g4 Qf8 20. gxf5 Qxf5 21. Qg3 Ne6 22. Kh1 Ba6 23. Rg1 Bd3 24. h3 Be4 25. Be3 Rf8 26. Raf1 Nxf4 27. Bxf4 Qxf4 28. Qxf4 Rxf4 29. Kg2 Nb8 30. Kg3 g5 31. a3 Nc6 32. dxc5 Bxc5 33. Rh1 Kf7 0-1

[Event "Catarinense-ch"]
[Site "Blumenau"]
[Date "2017.05.21"]
[Round "5"]
[White "De Borba, Gabriel"]
[Black "Neitzel, Jonatan"]
[Result "0-1"]
[WhiteElo "1903"]
[BlackElo "1625"]
[PlyCount "66"]
[EventDate "2017.05.19"]
[EventType "swiss"]
[EventRounds "6"]
[EventCountry "BRA"]
[SourceTitle "CBM 178 Extra"]
[Source "ChessBase"]
[SourceDate "2017.06.22"]
[SourceVersion "1"]
[SourceVersionDate "2017.06.22"]
[SourceQuality "1"]

1. e4 e5 2. Nf3 Nc6 3. Bb5 a6 4. Ba4 Nf6 5. d3 d6 6. c3 g6 7. 0-0 b5 8. Bc2 Bg7 9. Nbd2 0-0 10. Re1 Bg4 11. h3 Bd7 12. Nf1 Nh5 13. Ne3 Ne7 14. d4 c5 15. b3 Qc8 16. Ba3 Re8 17. Rc1 a5 18. Bb1 a4 19. Bb2 Qb7 20. dxc5 dxc5 21. c4 Nc6 22. cxb5 Nd4 23. bxa4 Nxf3+ 24. gxf3 Bxh3 25. Rxc5 Qe7 26. Rc4 Qg5+ 27. Ng4 Nf4 28. Bc1 h5 29. Bxf4 exf4 30. Qd3 hxg4 31. Kh1 Qh5 32. fxg4 Bxg4+ 33. Kg1 Bf3 0-1

[Event "Sao Bento do Sul U2050 2nd"]
[Site "Sao Bento do Sul"]
[Date "2016.09.18"]
[Round "6.21"]
[White "Neitzel, Jonatan"]
[Black "Felix, Joao Eduardo Orland"]
[Result "1-0"]
[WhiteElo "1610"]
[BlackElo "1272"]
[PlyCount "41"]
[EventDate "2016.09.16"]
[EventType "swiss"]
[EventRounds "7"]
[EventCountry "BRA"]
[SourceTitle "EXT 2022"]
[Source "ChessBase"]
[SourceDate "2021.10.06"]
[SourceVersion "1"]
[SourceVersionDate "2021.10.06"]
[SourceQuality "1"]

1. d4 f5 2. c4 Nf6 3. Nf3 e6 4. g3 c6 5. Bg2 d5 6. Nbd2 Nbd7 7. 0-0 Be7 8. b3 a5 9. a3 dxc4 10. Nxc4 Nd5 11. Bb2 N7f6 12. Nfe5 b5 13. Nxc6 Qc7 14. N4e5 Bb7 15. Rc1 0-0 16. Nxe7+ Qxe7 17. e3 Ra6 18. Re1 Rc8 19. Nc6 Qc7 20. Nb4 Qb6 21. Nxa6 1-0

[Event "Florianopolis Winter U220 op"]
[Site "Florianopolis"]
[Date "2016.08.20"]
[Round "3"]
[White "Neitzel, Jonatan"]
[Black "Pimenta, Elisandro da Silva"]
[Result "0-1"]
[WhiteElo "1656"]
[BlackElo "1853"]
[PlyCount "74"]
[EventDate "2016.08.19"]
[EventType "swiss"]
[EventRounds "7"]
[EventCountry "BRA"]
[SourceTitle "CBM 174 Extra"]
[Source "ChessBase"]
[SourceDate "2016.10.10"]
[SourceVersion "1"]
[SourceVersionDate "2016.10.10"]
[SourceQuality "1"]

1. d4 Nf6 2. Nf3 e6 3. Bf4 b6 4. e3 Bb7 5. Nbd2 Be7 6. Bd3 0-0 7. c4 d5 8. 0-0 Nbd7 9. h3 c5 10. Re1 cxd4 11. exd4 dxc4 12. Nxc4 Nd5 13. Bg3 N7f6 14. a3 Nh5 15. Bh2 Ndf4 16. Be4 Bxe4 17. Rxe4 Qd5 18. Ncd2 Bd6 19. Ne5 f5 20. Rxf4 Nxf4 21. Bxf4 Qxd4 22. Qb3 Rae8 23. Qe3 Qxb2 24. Rb1 Qxa3 25. Rb3 Qc5 26. Qg3 Bxe5 27. Bxe5 Rf7 28. Rc3 Qb4 29. Nc4 Rc8 30. Nd6 Rxc3 31. Bxc3 Qb1+ 32. Kh2 Rd7 33. Ne8 f4 34. Qxf4 Qf5 35. Qb8 Qf8 36. Qc8 Re7 37. Bxg7 Qxe8 0-1

[Event "Catarinense-ch"]
[Site "Tres Barras"]
[Date "2016.06.26"]
[Round "6"]
[White "Schutzler, Yan Sidnei"]
[Black "Neitzel, Jonatan"]
[Result "1/2-1/2"]
[WhiteElo "1320"]
[BlackElo "1670"]
[PlyCount "45"]
[EventDate "2016.06.23"]
[EventType "swiss"]
[EventRounds "7"]
[EventCountry "BRA"]
[SourceTitle "EXT 2017"]
[Source "ChessBase"]
[SourceDate "2016.10.25"]
[SourceVersion "1"]
[SourceVersionDate "2016.10.25"]
[SourceQuality "1"]

1. e4 c5 2. Nf3 d6 3. d4 cxd4 4. Nxd4 Nf6 5. Nc3 a6 6. Bc4 b5 7. Bb3 e6 8. 0-0 Bb7 9. Re1 Nbd7 10. a3 e5 11. Nf5 Nc5 12. Bd5 Nxd5 13. Nxd5 h6 14. Be3 g6 15. Ng3 Rc8 16. b4 Bxd5 17. Qxd5 Ne6 18. Rac1 Qd7 19. c4 bxc4 20. Rxc4 Rxc4 21. Qxc4 Qb7 22. Rc1 Be7 23. Qc6+ 1/2-1/2

[Event "Sao Bento do Sul U2050 1st"]
[Site "Sao Bento do Sul"]
[Date "2016.05.22"]
[Round "7.17"]
[White "Crul, Otavio Augusto Barr"]
[Black "Neitzel, Jonatan"]
[Result "1-0"]
[WhiteElo "1716"]
[BlackElo "1701"]
[PlyCount "64"]
[EventDate "2016.05.20"]
[EventType "swiss"]
[EventRounds "7"]
[EventCountry "BRA"]
[SourceTitle "EXT 2022"]
[Source "ChessBase"]
[SourceDate "2021.10.06"]
[SourceVersion "1"]
[SourceVersionDate "2021.10.06"]
[SourceQuality "1"]

1. d4 d5 2. Nf3 Nf6 3. c4 c6 4. e3 e6 5. Nc3 Nbd7 6. Bd3 dxc4 7. Bxc4 b5 8. Bd3 Bb7 9. 0-0 a6 10. e4 b4 11. Na4 c5 12. Nxc5 Nxc5 13. dxc5 Bxe4 14. Qa4+ Qd7 15. Qxd7+ Kxd7 16. Ne5+ Ke8 17. Be3 Bxd3 18. Nxd3 Nd5 19. Rac1 f6 20. Rfd1 Rc8 21. Bd2 a5 22. a3 Rc6 23. axb4 Nxb4 24. Nxb4 axb4 25. Bxb4 h5 26. Ba5 Be7 27. Bb6 Kf7 28. b4 Rhc8 29. Re1 Rxb6 30. cxb6 Rb8 31. Rb1 Rxb6 32. b5 Ke8 1-0